Bundesliga 2024/25 Goalscorers - Statistics

General Stats
  • This quiz has been taken 32 times
  • The average score is 80 of 256
Answer Stats
Team Goals Player % Correct
Bayern Munich 26 Harry Kane
96%
Bayer Leverkusen 21 Patrik Schick
91%
Bayer Leverkusen 10 Florian Wirtz
87%
Bayern Munich 12 Michael Olise
87%
Borussia Dortmund 21 Serhou Guirassy
87%
Bayern Munich 12 Jamal Musiala
83%
Bayern Munich 11 Leroy Sané
83%
Bayern Munich 2 Min-jae Kim
83%
Bayer Leverkusen 2 Alejandro Grimaldo
78%
Hoffenheim 11 Andrej Kramarić
78%
Eintracht Frankfurt 15 Hugo Ekitiké
78%
Bayer Leverkusen 5 Jeremie Frimpong
78%
Bayer Leverkusen 3 Jonathan Tah
78%
Bayern Munich 3 Joshua Kimmich
78%
Bayern Munich 7 Serge Gnabry
78%
Bayern Munich 1 Thomas Müller
78%
Bayer Leverkusen 8 Victor Boniface
78%
RB Leipzig 13 Benjamin Šeško
74%
Stuttgart 9 Deniz Undav
74%
Stuttgart 15 Ermedin Demirović
74%
Borussia Dortmund 5 Julian Brandt
74%
Augsburg 3 Keven Schlotterbeck
74%
Bayern Munich 4 Leon Goretzka
74%
Borussia Mönchengladbach 16 Tim Kleindienst
74%
Bayer Leverkusen 2 Jonas Hofmann
70%
Eintracht Frankfurt 15 Omar Marmoush
70%
Bochum 3 Philipp Hofmann
70%
RB Leipzig 10 Xavi Simons
70%
Bayern Munich 2 Dayot Upamecano
65%
Borussia Dortmund 7 Karim Adeyemi
65%
RB Leipzig 9 Loïs Openda
65%
Eintracht Frankfurt 3 Mario Götze
65%
Bayer Leverkusen 2 Piero Hincapié
65%
Bayern Munich 4 Raphaël Guerreiro
65%
Borussia Mönchengladbach 11 Alassane Pléa
61%
Bayern Munich 1 Alphonso Davies
61%
Stuttgart 1 Angelo Stiller
61%
Borussia Dortmund 3 Emre Can
61%
Borussia Dortmund 4 Felix Nmecha
61%
Bayer Leverkusen 2 Granit Xhaka
61%
Eintracht Frankfurt 3 Hugo Larsson
61%
Mainz 18 Jonathan Burkardt
61%
Wolfsburg 3 Lukas Nmecha
61%
Borussia Dortmund 8 Maximilian Beier
61%
Bayer Leverkusen 2 Robert Andrich
61%
Bayern Munich 1 Aleksandar Pavlović
57%
Stuttgart 2 Chris Führich
57%
Borussia Dortmund 8 Jamie Gittens
57%
Borussia Dortmund 2 Julian Ryerson
57%
Borussia Dortmund 1 Marcel Sabitzer
57%
Mainz 7 Nadiem Amiri
57%
Stuttgart 12 Nick Woltemade
57%
Freiburg 10 Ritsu Doan
57%
Freiburg 8 Vincenzo Grifo
57%
Bayern Munich 5 Kingsley Coman
52%
Werder Bremen 5 Romano Schmid
52%
Bayer Leverkusen 1 Exequiel Palacios
48%
Stuttgart 2 Jamie Leweling
48%
Wolfsburg 9 Jonas Wind
48%
Augsburg 1 Marius Wolf
48%
Werder Bremen 8 Marvin Ducksch
48%
Wolfsburg 3 Maximilian Arnold
48%
Freiburg 2 Christian Günter
43%
RB Leipzig 2 Christoph Baumgartner
43%
Borussia Dortmund 1 Daniel Svensson
43%
Hoffenheim 4 Gift Orban
43%
Mainz 7 Jae-Sung Lee
43%
Stuttgart 1 Josha Vagnoman
43%
Bayern Munich 2 Konrad Laimer
43%
Freiburg 2 Matthias Ginter
43%
Stuttgart 1 Maximilian Mittelstädt
43%
Wolfsburg 10 Mohamed Amoura
43%
Bayer Leverkusen 2 Nathan Tella
43%
Borussia Mönchengladbach 1 Nico Elvedi
43%
Borussia Mönchengladbach 4 Robin Hack
43%
Borussia Mönchengladbach 2 Rocco Reitz
43%
Holstein Kiel 11 Shuto Machino
43%
Borussia Dortmund 2 Waldemar Anton
43%
RB Leipzig 5 Willi Orbán
43%
Bayer Leverkusen 3 Aleix García
39%
Werder Bremen 2 André Silva
39%
RB Leipzig 1 David Raum
39%
Borussia Mönchengladbach 4 Franck Honorat
39%
Werder Bremen 10 Jens Stage
39%
Freiburg 6 Lucas Höler
39%
Borussia Dortmund 1 Ramy Bensebaini
39%
RB Leipzig 3 Antonio Nusa
35%
Stuttgart 2 Atakan Karazor
35%
Borussia Dortmund 1 Carney Chukwuemeka
35%
Borussia Dortmund 3 Donyell Malen
35%
Stuttgart 6 Enzo Millot
35%
Heidenheim 3 Léo Scienza
35%
Bayer Leverkusen 2 Martin Terrier
35%
Eintracht Frankfurt 3 Nathaniel Brown
35%
Hoffenheim 5 Tom Bischof
35%
Hoffenheim 8 Adam Hložek
30%
Heidenheim 4 Adrian Beck
30%
Bayer Leverkusen 2 Amine Adli
30%
Eintracht Frankfurt 4 Can Uzun
30%
Eintracht Frankfurt 1 Ellyes Skhiri
30%
Eintracht Frankfurt 1 Farès Chaïbi
30%
Borussia Dortmund 2 Giovanni Reyna
30%
RB Leipzig 1 Lukas Klostermann
30%
Freiburg 2 Michael Gregoritsch
30%
Bochum 9 Myron Boadu
30%
Eintracht Frankfurt 1 Nnamdi Collins
30%
Wolfsburg 3 Patrick Wimmer
30%
Mainz 10 Paul Nebel
30%
Freiburg 1 Philipp Lienhart
30%
Wolfsburg 1 Andreas Skov Olsen
26%
Eintracht Frankfurt 4 Ansgar Knauff
26%
Wolfsburg 2 Denis Vavro
26%
Augsburg 1 Elvis Rexhbeçaj
26%
Bayern Munich 2 Eric Dier
26%
Bochum 2 Gerrit Holtmann
26%
Hoffenheim 3 Haris Tabaković
26%
Eintracht Frankfurt 2 Jean-Mattéo Bahoya
26%
Augsburg 1 Jeffrey Gouweleeuw
26%
St. Pauli 3 Johannes Eggestein
26%
Borussia Mönchengladbach 3 Ko Itakura
26%
Freiburg 2 Maximilian Eggestein
26%
Borussia Mönchengladbach 2 Nathan N'Goumou
26%
Heidenheim 3 Paul Wanner
26%
Hoffenheim 2 Pavel Kadeřábek
26%
Augsburg 7 Phillip Tietz
26%
RB Leipzig 2 Ridle Baku
26%
Wolfsburg 2 Ridle Baku
26%
Eintracht Frankfurt 3 Robin Koch
26%
Augsburg 7 Samuel Essende
26%
Borussia Mönchengladbach 2 Tomáš Čvančara
26%
Mainz 1 Andreas Hanche-Olsen
22%
Mainz 2 Armindo Sieb
22%
Union Berlin 9 Benedict Hollerbach
22%
Augsburg 1 Chrislain Matsima
22%
Augsburg 1 Dimitris Giannoulis
22%
Mainz 2 Dominik Kohr
22%
Stuttgart 2 El Bilal Touré
22%
St. Pauli 3 Elias Saad
22%
St. Pauli 1 Eric Smith
22%
Holstein Kiel 2 Jann-Fiete Arp
22%
Stuttgart 3 Jeff Chabot
22%
Freiburg 2 Junior Adamu
22%
Werder Bremen 3 Justin Njinmah
22%
RB Leipzig 1 Kevin Kampl
22%
Borussia Mönchengladbach 3 Kevin Stöger
22%
Borussia Mönchengladbach 1 Lukas Ullrich
22%
Werder Bremen 6 Marco Grüll
22%
Heidenheim 7 Marvin Pieringer
22%
Bochum 5 Matúš Bero
22%
Augsburg 2 Mert Kömür
22%
Werder Bremen 5 Mitchell Weiser
22%
Heidenheim 2 Niklas Dorsch
22%
Bayer Leverkusen 1 Nordi Mukiele
22%
Eintracht Frankfurt 4 Rasmus Kristensen
22%
Union Berlin 2 Robert Skov
22%
Union Berlin 3 Tom Rothe
22%
Eintracht Frankfurt 2 Tuta
22%
Wolfsburg 1 Yannick Gerhardt
22%
RB Leipzig 2 Yussuf Poulsen
22%
Union Berlin 1 András Schäfer
17%
Union Berlin 7 Andrej Ilić
17%
Mainz 1 Anthony Caci
17%
Heidenheim 2 Budu Zivzivadze
17%
Stuttgart 1 Fabian Rieder
17%
Werder Bremen 3 Felix Agu
17%
Bayern Munich 1 Hiroki Itō
17%
Wolfsburg 3 Joakim Mæhle
17%
Freiburg 2 Johan Manzambi
17%
Freiburg 5 Lukas Kübler
17%
Hoffenheim 7 Marius Bülter
17%
Heidenheim 1 Patrick Mainka
17%
Holstein Kiel 8 Phil Harres
17%
Mainz 1 Phillipp Mwene
17%
Augsburg 1 Steve Mounié
17%
Holstein Kiel 6 Steven Skrzybski
17%
Holstein Kiel 7 Alexander Bernhardsson
13%
St. Pauli 2 Carlo Boukhalfa
13%
Bochum 1 Cristian Gamboa
13%
St. Pauli 2 Danel Sinani
13%
Union Berlin 1 Danilho Doekhi
13%
Werder Bremen 2 Derrick Köhn
13%
Union Berlin 1 Diogo Leite
13%
Bochum 1 Erhan Mašović
13%
Borussia Mönchengladbach 1 Fabio Chiarodia
13%
Bochum 1 Felix Passlack
13%
Wolfsburg 2 Lovro Majer
13%
Eintracht Frankfurt 1 Mahmoud Dahoud
13%
St. Pauli 2 Manolis Saliakas
13%
Union Berlin 1 Marin Ljubičić
13%
Wolfsburg 3 Mattias Svanberg
13%
St. Pauli 6 Morgan Guilavogui
13%
Bochum 1 Moritz Broschinski
13%
Mainz 3 Nelson Weiper
13%
St. Pauli 3 Oladapo Afolayan
13%
Freiburg 1 Patrick Osterhage
13%
Borussia Mönchengladbach 1 Philipp Sander
13%
Union Berlin 1 Rani Khedira
13%
Wolfsburg 2 Sebastiaan Bornauw
13%
Heidenheim 1 Sirlord Conteh
13%
Borussia Mönchengladbach 1 Stefan Lainer
13%
Wolfsburg 6 Tiago Tomás
13%
Union Berlin 3 Woo-Yeong Jeong
13%
Union Berlin 1 Aljoscha Kemlein
9%
Hoffenheim 1 Anton Stach
9%
Holstein Kiel 5 Armin Gigović
9%
Hoffenheim 1 Arthur Chaves
9%
Bochum 2 Dani de Wit
9%
Holstein Kiel 2 David Zec
9%
Bayer Leverkusen 2 Emiliano Buendía
9%
Bochum 2 Georgios Masouras
9%
Bochum 2 Ibrahima Sissoko
9%
Eintracht Frankfurt 1 Igor Matanović
9%
Hoffenheim 2 Jacob Bruun Larsen
9%
Stuttgart 1 Jacob Bruun Larsen
9%
Heidenheim 4 Jan Schöppner
9%
Werder Bremen 1 Julián Malatini
9%
Stuttgart 1 Justin Diehl
9%
Werder Bremen 2 Keke Topp
9%
Wolfsburg 1 Kevin Behrens
9%
Union Berlin 1 Kevin Vogt
9%
Freiburg 2 Kiliann Sildillia
9%
St. Pauli 1 Lars Ritzka
9%
Holstein Kiel 2 Lasse Rosenboom
9%
Union Berlin 2 László Bénes
9%
Stuttgart 1 Leonidas Stergiou
9%
Union Berlin 2 Leopold Querfeld
9%
Heidenheim 5 Mathias Honsak
9%
Heidenheim 2 Maximilian Breunig
9%
Eintracht Frankfurt 3 Michy Batshuayi
9%
Werder Bremen 5 Oliver Burke
9%
Augsburg 1 Yusuf Kabadayı
9%
St. Pauli 1 Andreas Albers
4%
Holstein Kiel 1 Andu Kelati
4%
Stuttgart 1 Anthony Rouault
4%
Holstein Kiel 1 Benedikt Pichler
4%
Holstein Kiel 2 Finn Porath
4%
Heidenheim 1 Frans Krätzig
4%
Bochum 1 Jakov Medić
4%
Wolfsburg 1 Kilian Fischer
4%
Heidenheim 2 Luca Kerber
4%
Mainz 1 Maxim Leitsch
4%
Freiburg 1 Max Rosenfelder
4%
Eintracht Frankfurt 1 Oscar Højlund
4%
Holstein Kiel 1 Patrick Erras
4%
Borussia Mönchengladbach 1 Shio Fukuda
4%
St. Pauli 1 Siebe Van der Heyden
4%
Hoffenheim 1 Valentin Gendrey
4%
Union Berlin 1 Yorbe Vertessen
4%
Augsburg 9 Alexis Claude-Maruice
0%
Wolfsburg 1 Bence Dárdai
0%
Bochum 1 Koji Miyoshi
0%
Werder Bremen 2 Leonardo Bittencourt
0%
Bochum 1 Lukas Daschner
0%
RB Leipzig 1 Lutsharel Geertruida
0%
Holstein Kiel 1 Max Geschwill
0%
St. Pauli 1 Noah Weißhaupt
0%
No matching quizzes found
Score Distribution
Percent of People with Each Score
Percentile by Number Answered
Your Score History
You have not taken this quiz